| 000 | 00970nam a22002297a 4500 | ||
|---|---|---|---|
| 003 | OSt | ||
| 005 | 20240723143514.0 | ||
| 008 | 240723b ||||| |||| 00| 0 eng d | ||
| 022 | _209734082 | ||
| 040 | _cAIMIT LIBRARY | ||
| 082 |
_a658 _bEDUD |
||
| 110 |
_aCentre for Environment Education _9173950 |
||
| 245 |
_aJournal of Education for suatainable development / _cBy Centre for Environment Education. |
||
| 260 |
_aNew Delhi : _bSage Publications , _c2018. |
||
| 300 |
_bHB _c23 cm. |
||
| 440 |
_aJournal of Education for Sustainable Development. _vVol.12 No.172/2018 _9173951 |
||
| 650 |
_aCanadian student leaders conceptualizations of sustainability and sustainable universities _9173952 |
||
| 650 |
_aCharacteristics of green schools _9173953 |
||
| 650 |
_aSustainability commons and other Innovations in five southern African countries _9173954 |
||
| 650 |
_aScaling and subjectification in an esd educational project _9173955 |
||
| 942 |
_2ddc _cBV _k658 EDUD |
||
| 999 |
_c231497 _d231497 |
||